000 00264nam a2200121Ia 4500
100 _aChatterjee Satya Saran
942 _cBK
654 _aManagement
245 _aAn Intrd . to Management
260 _bworld Press Pvt
_c2001
082 _a658
546 _aENGLISH
999 _c30647
_d30647